Miss Universe Country - Statistics

General Stats
  • This quiz has been taken 329 times
    304 since last reset
  • The average score is 55 of 66
Answer Stats
Answer % Correct
1954 USA
98%
1956 USA
98%
1960 USA
98%
1967 USA
98%
1980 USA
98%
1995 USA
98%
1997 USA
98%
2012 USA
98%
1991 Mexico
94%
2010 Mexico
94%
1953 France
93%
2016 France
93%
1979 Venezuela
93%
1981 Venezuela
93%
1986 Venezuela
93%
1996 Venezuela
93%
2008 Venezuela
93%
2009 Venezuela
93%
2013 Venezuela
93%
1959 Japan
92%
2007 Japan
92%
1958 Colombia
91%
2014 Colombia
91%
1994 India
91%
2000 India
91%
1972 Australia
90%
2004 Australia
90%
1982 Canada
90%
2005 Canada
90%
1969 Philippines
88%
1973 Philippines
88%
2015 Philippines
88%
2002 Russia
87%
1963 Brazil
85%
1968 Brazil
85%
1952 Finland
83%
1975 Finland
83%
1955 Sweden
83%
1966 Sweden
83%
1984 Sweden
83%
1974 Spain
82%
1978 South Africa
81%
1965 Thailand
79%
1988 Thailand
79%
1961 Germany
77%
1990 Norway
77%
1957 Peru
76%
1962 Argentina
75%
1987 Chile
75%
2002 Panama
75%
1970 Puerto Rico
72%
1985 Puerto Rico
72%
1993 Puerto Rico
72%
2001 Puerto Rico
72%
2006 Puerto Rico
72%
1983 New Zealand
69%
1989 Holland
66%
2011 Angola
65%
1999 Botswana
64%
1964 Greece
64%
2003 Dominican Republic
63%
1976 Israel
63%
1992 Namibia
58%
1977 Trinidad and Tobago
58%
1998 Trinidad and Tobago
58%
1971 Lebanon
50%
No matching quizzes found
Score Distribution
Percent of People with Each Score
Percentile by Number Answered
Your Score History
You have not taken this quiz since the last reset